Fußball-Weltmeister - Statistiken

Allgemein
  • Dieses Quiz wurde 139.927 mal gespielt
    112.748 seit der letzten Aktualisierung
  • Das Durchschnittsergebnis liegt bei 15 aus 22
Antwortstatistiken
Jahr Gastgeber Weltmeister % Korrekt
2022 Katar Argentinien
98%
2014 Brasilien Deutschland
98%
2018 Russland Frankreich
97%
2010 Südafrika Spanien
92%
2006 Deutschland Italien
88%
2002 Japan & Südkorea Brasilien
85%
1990 Italien Deutschland
80%
1998 Frankreich Frankreich
77%
1974 Deutschland Deutschland
75%
1994 USA Brasilien
74%
1954 Schweiz Deutschland
70%
1930 Uruguay Uruguay
64%
1970 Mexiko Brasilien
61%
1986 Mexiko Argentinien
60%
1962 Chile Brasilien
60%
1958 Schweden Brasilien
57%
1966 England England
57%
1982 Spanien Italien
56%
1978 Argentinien Argentinien
53%
1934 Italien Italien
48%
1950 Brasilien Uruguay
48%
1938 Frankreich Italien
45%
Keine übereinstimmenden Quizze gefunden
Verteilung der Resultate
Anzahl Personen mit jedem Resultat
Perzentil nach korrekt beantworteten Fragen
Ihre Resultats-Entwicklung
Sie haben dieses Quiz seit der letzten Aktualisierung nicht gespielt